[Event "Challenge"]
[Site "http://www.queenalice.com/game.php?id=660387"]
[Date "2009.9.30"]
[Round "-"]
[White "tlalexandri"]
[Black "angeloagra"]
[Result "0-1"]
[WhiteElo "1632"]
[BlackElo "1569"]

1. e4 e5 2. Nf3 Nc6 3. Bc4 h6 4. O-O Nf6 5. d3 Bc5 6. h3 O-O 7. a3 d5 8. exd5
Nxd5 9. c3 Bf5 10. b4 Bb6 11. Qe2 Qd6 12. Bxd5 Qxd5 13. c4 Bxd3 14. cxd5 Bxe2
15. dxc6 Bxf1 16. cxb7 Rab8 17. Kxf1 Rxb7 18. Nxe5 Bd4 19. Nd7 Bxa1 20. Nxf8
Kxf8 21. Be3 Ke8 22. Bc5 a5 23. Nd2 axb4 24. axb4 Bc3 25. Ke2 Bxb4 26. Bxb4 Rxb4
27. Kd3 c5 28. Ne4 Rb3+ 29. Kc4 Rb4+ 30. Kd5 c4 31. Nd6+ Kd7 32. Nxc4 f6 33. f4
Rb1 34. f5 Rf1 35. g4 Rh1 36. Nb6+ Kd8 37. Ke6 Rxh3 38. Kf7 h5 39. Kxg7 hxg4 40.
Nd5 g3 41. Nf4 Rh4 42. Ne2 g2 43. Kxf6 Ke8 44. Kg5 Re4 45. Ng1 Kf8 46. f6 Re1
47. Nf3 Rf1 48. Kg4 g1=Q+ 49. Nxg1 Rxg1+ 50. Kf5 Kf7 51. Ke5 Rg6 52. Kf5 Rxf6+
53. Ke5 Ke7 54. Kd5 Re6 55. Kd4 Kd6 56. Kc4 Re4+ 57. Kc3 Kd5 58. Kd3 Ke5 59. Kc3
Rd4 60. Kb2 Rd3 61. Ka1 Kd4 62. Kb2 Rc3 63. Ka2 Kc4 64. Kb2 Kb4 65. Ka2 Rc2+ 66.
Ka1 Kb3 67. Kb1 Rc3 0-1

[Event "Challenge"]
[Site "http://www.queenalice.com/game.php?id=672146"]
[Date "2009.10.25"]
[Round "-"]
[White "angeloagra"]
[Black "carloscolangelo"]
[Result "1-0"]
[WhiteElo "1570"]
[BlackElo "1537"]

1. d4 d5 2. c4 c6 3. Nc3 e6 4. Nf3 c5 5. cxd5 exd5 6. dxc5 Bxc5 7. Nxd5 Nf6 8.
Bg5 h6 9. Bxf6 gxf6 10. Rc1 b6 11. e3 Bd7 12. Bd3 a6 13. b4 Be6 14. Nxf6+ Qxf6
15. bxc5 bxc5 16. Rxc5 Bxa2 17. Qa4+ Nd7 18. Qxa2 Nxc5 19. Bb5+ Nd7 20. O-O O-O
21. Bxd7 Rfd8 22. Qd5 Qe7 23. Ne5 Ra7 24. Rd1 Raxd7 25. Nxd7 Rxd7 26. Qxd7 Qxd7
27. Rxd7 a5 28. Ra7 1-0

[Event "Challenge"]
[Site "http://www.queenalice.com/game.php?id=672994"]
[Date "2009.10.27"]
[Round "-"]
[White "angeloagra"]
[Black "tlalexandri"]
[Result "1-0"]
[WhiteElo "1598"]
[BlackElo "1642"]

1. d4 Nf6 2. Nc3 e6 3. Bf4 Bb4 4. Nf3 Ne4 5. Qd3 d5 6. a3 Bxc3+ 7. bxc3 O-O 8.
c4 c6 9. cxd5 cxd5 10. c4 Qa5+ 11. Bd2 Nxd2 12. Nxd2 dxc4 13. Qxc4 b5 14. Qc5
Nd7 15. Qc6 b4 16. Qxa8 b3 17. e3 b2 18. Rb1 Qxa3 19. Nc4 Qa1 20. Bd3 Ba6 21.
Qxa7 Bxc4 22. Rxa1 Bxd3 23. Qa2 Rb8 24. Kd2 bxa1=Q 25. Rxa1 Bf5 26. Qa7 Rb2+ 27.
Kc3 Rc2+ 28. Kb4 Nf8 29. Ra2 Rxa2 30. Qxa2 h5 31. f3 g5 32. e4 Bg6 33. d5 Kg7
34. d6 g4 35. Qd2 gxf3 36. gxf3 Nd7 37. Qd4+ e5 38. Qa7 Nf8 39. d7 Ne6 40. Qb6
h4 41. d8=Q Nxd8 42. Qxd8 Bh5 43. Qxh4 Bxf3 44. Qg3+ Kf6 45. Qxf3+ Ke6 46. h4 f6
47. h5 Kf7 48. Qg2 Ke6 49. h6 f5 50. exf5+ Kxf5 51. h7 e4 52. h8=Q e3 53. Qf3+
1-0

[Event "Hast du im Ei gerufen?"]
[Site "http://www.queenalice.com/game.php?id=674729"]
[Date "2009.10.30"]
[Round "-"]
[White "carloscolangelo"]
[Black "angeloagra"]
[Result "0-1"]
[WhiteElo "1522"]
[BlackElo "1585"]

1. e4 e5 2. Nf3 Nc6 3. Bc4 Bc5 4. d3 h6 5. O-O Nf6 6. a3 d6 7. b4 Bb6 8. b5 Nd4
9. c3 Nxf3+ 10. Qxf3 Bg4 11. Qg3 Qd7 12. h3 Nh5 13. Qh4 Be2 14. Re1 g5 15. Qxh5
Bxh5 16. a4 a5 17. Na3 g4 18. hxg4 Qxg4 19. Nc2 Rg8 20. Ne3 Bxe3 21. Kf1 Qxg2#
0-1

[Event "Challenge"]
[Site "http://www.queenalice.com/game.php?id=677995"]
[Date "2009.11.5"]
[Round "-"]
[White "angeloagra"]
[Black "tlalexandri"]
[Result "1-0"]
[WhiteElo "1616"]
[BlackElo "1604"]

1. e4 e5 2. Bc4 Nf6 3. d3 Nc6 4. Nf3 Bc5 5. O-O h6 6. Nc3 O-O 7. Qe2 a6 8. Be3
d6 9. Rad1 b5 10. Bb3 Bd7 11. d4 exd4 12. Nxd4 b4 13. Nxc6 Bxc6 14. Bxc5 bxc3
15. e5 Qe7 16. Rfe1 dxc5 17. exf6 Qxf6 18. bxc3 Rfe8 19. Qc4 Rf8 20. Qxc5 Qg6
21. Bd5 Bxd5 22. Rxd5 Rfe8 23. Rxe8+ Rxe8 24. Re5 Rd8 25. g3 f6 26. Qc4+ Kh7 27.
Re1 Qxc2 28. Qxc7 Rd1 29. Rxd1 Qxd1+ 30. Kg2 f5 31. c4 f4 32. Qxf4 a5 33. Qf5+
Kg8 34. Qxa5 g5 35. Qd5+ Qxd5+ 36. cxd5 Kf7 37. a4 Ke7 38. a5 Kd6 39. a6 Kxd5
40. a7 Ke5 41. a8=Q Kf6 42. Qa6+ Kg7 43. h4 g4 44. f4 Kh7 45. f5 h5 46. Qg6+ Kh8
47. Qxh5+ Kg8 48. f6 Kf8 49. Qh6+ Ke8 50. Qg6+ Kf8 51. Qg7+ Ke8 52. f7+ Kd7 53.
f8=Q+ Ke6 54. Qg5 Kd7 55. Qg6 Kc7 56. Qff7+ 1-0

[Event "Challenge"]
[Site "http://www.queenalice.com/game.php?id=682243"]
[Date "2009.11.13"]
[Round "-"]
[White "carloscolangelo"]
[Black "angeloagra"]
[Result "0-1"]
[WhiteElo "1491"]
[BlackElo "1632"]

1. e4 e5 2. Nf3 Nc6 3. Bc4 Bc5 4. d3 d6 5. Ng5 Be6 6. h3 Bxc4 7. dxc4 h6 8. Nf3
Nf6 9. O-O Nxe4 10. Re1 Bxf2+ 11. Kf1 Bxe1 12. Qxe1 Ng5 13. Nfd2 Nd4 14. Na3
Qf6+ 15. Qf2 Qxf2+ 16. Kxf2 O-O 17. c3 Nc6 18. Nb5 Ne6 19. b4 a6 20. Na3 Rad8
21. b5 axb5 22. cxb5 Ne7 23. Ndc4 Ng6 24. Na5 Nc5 25. N3c4 Nd3+ 26. Ke2 Nxc1+
27. Rxc1 Nf4+ 28. Kd2 Nxg2 29. Nxb7 Rb8 30. Nca5 e4 31. Rg1 e3+ 32. Ke2 Nf4+ 33.
Kxe3 Nxh3 34. Rg3 Rfe8+ 35. Kf3 Ng5+ 36. Kf4 Re4+ 37. Kf5 g6+ 38. Kf6 Re6# 0-1

[Event "Challenge"]
[Site "http://www.queenalice.com/game.php?id=683000"]
[Date "2009.11.14"]
[Round "-"]
[White "thedead"]
[Black "angeloagra"]
[Result "1-0"]
[WhiteElo "1464"]
[BlackElo "1652"]

1. e4 e5 2. Nf3 Nc6 3. d3 Bb4+ 4. c3 Bc5 5. Be2 Nf6 6. h3 d6 7. O-O Be6 8. Re1
O-O 9. Nbd2 d5 10. Qc2 d4 11. Nf1 dxc3 12. bxc3 b5 13. Ng3 b4 14. Bg5 bxc3 15.
Qxc3 Nd4 16. Qxc5 Nd7 17. Nxd4 Qxg5 18. Nxe6 Nxc5 19. Nxg5 1-0

[Event "Challenge"]
[Site "http://www.queenalice.com/game.php?id=684513"]
[Date "2009.11.17"]
[Round "-"]
[White "angeloagra"]
[Black "tlalexandri"]
[Result "1-0"]
[WhiteElo "1631"]
[BlackElo "1629"]

1. e4 e5 2. Nf3 Nc6 3. Bc4 h6 4. Nc3 Nf6 5. d3 Bb4 6. O-O O-O 7. Bd2 a6 8. Nd5
Bxd2 9. Qxd2 b5 10. Nxf6+ Qxf6 11. Bd5 Bb7 12. Qc3 b4 13. Qc5 Qd6 14. Qxd6 cxd6
15. a3 Rab8 16. axb4 Nxb4 17. Bb3 d5 18. Nxe5 Rbd8 19. Ra4 d6 20. Rxb4 Ba8 21.
Ng4 a5 22. Rb5 dxe4 23. Bd5 exd3 24. cxd3 h5 25. Ne3 a4 26. Bxa8 Rxa8 27. Rxh5
g6 28. Rh4 Kg7 29. Rg4 f5 30. Rd4 f4 31. Nc4 Ra6 32. Nxd6 Kh7 33. Ne4 a3 34.
bxa3 Rxa3 35. Rd7+ Kh6 36. d4 Ra4 37. Nc5 Rc4 38. Ne6 Rf6 39. d5 Kh5 40. Rh7+
Kg4 41. h3+ Kf5 42. g4+ Ke5 43. Rd7 Rxe6 44. dxe6 Kxe6 45. Rdd1 g5 46. Rfe1+ Kf6
47. Rd6+ Kf7 48. Rde6 Rc7 49. R6e5 Kg6 50. Re7 Rxe7 51. Rxe7 Kf6 52. Ra7 Ke5 53.
f3 Kf6 54. Kf2 Ke5 55. Ra5+ Kf6 56. Ke2 Kg6 57. Rf5 Kh6 58. Kd3 Kg6 59. Ke4 Kh6
60. Rf6+ Kg7 61. Kf5 Kh8 62. Rf7 Kg8 63. Kg6 Kh8 64. Rf8# 1-0

[Event "Status report: o de sempre"]
[Site "http://www.queenalice.com/game.php?id=685818"]
[Date "2009.11.19"]
[Round "-"]
[White "carloscolangelo"]
[Black "angeloagra"]
[Result "0-1"]
[WhiteElo "1481"]
[BlackElo "1642"]

1. e4 c5 2. Bc4 Nc6 3. Nf3 Nf6 4. Ng5 Ne5 5. d3 Qa5+ 6. c3 Nxc4 7. dxc4 d6 8.
Bf4 Bg4 9. Qd2 g6 10. e5 dxe5 11. Bxe5 Rd8 12. Qe3 h6 13. Bxf6 hxg5 14. Bxg5 Rh5
15. h3 f6 16. Bxf6 Rd1# 0-1

[Event "Challenge"]
[Site "http://www.queenalice.com/game.php?id=694595"]
[Date "2009.12.8"]
[Round "-"]
[White "angeloagra"]
[Black "brviking"]
[Result "1/2-1/2"]
[WhiteElo "1638"]
[BlackElo "1461"]

1. d4 d5 2. Bf4 e6 3. Nc3 Bb4 4. Nf3 h6 5. e3 Nf6 6. Bb5+ Bd7 7. O-O O-O 8. Qe2
c6 9. Bd3 Ng4 10. Ne5 Nxe5 11. Bxe5 Qh4 12. Bg3 Qg5 13. h4 Qf6 14. Qg4 e5 15.
dxe5 Bxg4 16. exf6 gxf6 17. a3 Bc5 18. b4 Bb6 19. Bd6 Nd7 20. Bxf8 Kxf8 21. Na4
d4 22. Nxb6 Nxb6 23. exd4 Nd5 24. c4 Nf4 25. Be4 Re8 26. Rae1 Ne2+ 27. Kh2 Nxd4
28. f3 Bh5 29. g4 Bg6 30. Bxg6 fxg6 31. Rxe8+ Kxe8 32. Re1+ Kf7 33. Kg2 Nc2 34.
Re2 Nxa3 35. c5 Nb5 36. Rd2 Nc3 37. Rd7+ Ke6 38. Rxb7 Na2 39. Rg7 g5 40. hxg5
hxg5 41. Rxa7 Nxb4 42. Kg3 Kd5 43. f4 Kxc5 44. fxg5 fxg5 45. Rg7 Kd6 46. Rxg5
Nd3 47. Rg8 Ne5 48. g5 Ke6 49. g6 Kf6 50. Kh4 1/2-1/2

[Event "America!"]
[Site "http://www.queenalice.com/game.php?id=698655"]
[Date "2009.12.16"]
[Round "-"]
[White "carloscolangelo"]
[Black "angeloagra"]
[Result "0-1"]
[WhiteElo "1471"]
[BlackElo "1628"]

1. e4 e5 2. Nf3 Nc6 3. Bc4 h6 4. h3 Bc5 5. O-O Nf6 6. a3 Nxe4 7. b4 Bb6 8. b5
Na5 9. Ba2 O-O 10. Nxe5 d6 11. d3 Bxf2+ 12. Rxf2 Nxf2 13. Kxf2 dxe5 14. Kg1 Qd4+
15. Kf1 Qxa1 16. Nc3 Qxc3 17. Bd2 Qxa3 18. Bb1 Be6 19. c4 Rad8 0-1

[Event "Jogo pensado"]
[Site "http://www.queenalice.com/game.php?id=701055"]
[Date "2009.12.21"]
[Round "-"]
[White "angeloagra"]
[Black "brviking"]
[Result "1-0"]
[WhiteElo "1647"]
[BlackElo "1468"]

1. d4 d5 2. c4 Nf6 3. Nc3 e6 4. Bg5 h6 5. Bxf6 Qxf6 6. cxd5 Bb4 7. dxe6 Bxe6 8.
e4 c6 9. e5 Qg5 10. Nf3 Qf4 11. a3 Qe4+ 12. Qe2 Qxe2+ 13. Bxe2 Ba5 14. b4 Bb6
15. O-O Bg4 16. h3 Bh5 17. g4 Bg6 18. Rac1 O-O 19. Rfd1 Nd7 20. Bc4 Rae8 21. Re1
a5 22. e6 fxe6 23. Bxe6+ Kh8 24. Bxd7 Rxe1+ 25. Rxe1 Rxf3 26. Be8 Bxe8 27. Rxe8+
Kh7 28. Ne2 a4 29. Rb8 Rf7 30. Ra8 Re7 31. Kf1 Kg6 32. Rxa4 Kg5 33. Ng3 Bxd4 34.
b5 Be5 35. Ne4+ Kh4 36. bxc6 bxc6 37. Rc4 Rc7 38. Rc5 Bd4 39. Rc4 Ba7 40. g5
hxg5 41. Nc5+ Kxh3 42. Ne6 Rf7 43. Nxg5+ Kh2 44. Nxf7 c5 45. Rh4# 1-0

[Event "Challenge"]
[Site "http://www.queenalice.com/game.php?id=701646"]
[Date "2009.12.22"]
[Round "-"]
[White "angeloagra"]
[Black "tlalexandri"]
[Result "0-1"]
[WhiteElo "1590"]
[BlackElo "1601"]

1. d4 e6 2. e4 d5 3. e5 Nc6 4. Nf3 h6 5. Bb5 Bd7 6. O-O a6 7. Bd3 f6 8. Bf4 g5
9. Be3 f5 10. Nc3 Bg7 11. a3 g4 12. Nh4 Qxh4 13. g3 Qe7 14. f4 h5 15. h4 gxh3
16. Be2 O-O-O 17. b4 h4 18. g4 fxg4 19. Bxg4 Nh6 20. Bxh3 Nf5 21. Bxf5 exf5 22.
Nxd5 Qe6 23. Qf3 Rdg8 24. Kf2 Ne7 25. Nxe7+ Qxe7 26. c4 Be8 27. Qd5 Bf7 0-1

[Event "Challenge"]
[Site "http://www.queenalice.com/game.php?id=704942"]
[Date "2009.12.29"]
[Round "-"]
[White "carloscolangelo"]
[Black "angeloagra"]
[Result "1-0"]
[WhiteElo "1450"]
[BlackElo "1656"]

1. e4 e5 2. Nf3 Nc6 3. Bc4 h6 4. h3 Nf6 5. Nc3 Bb4 6. a3 Bxc3 7. dxc3 Nxe4 8.
O-O O-O 9. Qd5 Nf6 10. Qc5 d6 11. Qe3 Bf5 12. Nh4 Bxc2 13. Bd3 Bxd3 14. Qxd3 e4
15. Qg3 Qd7 16. Bxh6 Nh5 17. Qg5 Ne7 18. Qxh5 gxh6 19. Qxh6 Nf5 20. Qg5+ Ng7 21.
Nf5 Qxf5 22. Qxf5 Nxf5 23. Rae1 Ng3 24. fxg3 Rae8 25. Rf4 d5 26. h4 e3 27. h5 e2
28. Rh4 Re6 29. h6 Kh7 30. Kf2 Rfe8 31. g4 Rf6+ 32. Kg1 Rf4 33. g3 Rf3 34. Kg2
Ree3 35. Rxe2 Rxe2+ 36. Kxf3 Rxb2 37. g5 Rb3 38. Rd4 Rxc3+ 39. Kf4 Rc4 40. Ke5
c6 41. Rf4 Re4+ 42. Rxe4 dxe4 43. Kxe4 b5 44. Kf5 Kg8 45. Kf6 a5 46. g6 fxg6 47.
Kxg6 Kh8 48. g4 b4 49. axb4 axb4 50. g5 b3 51. Kf7 Kh7 52. g6+ 1-0

[Event "Challenge"]
[Site "http://www.queenalice.com/game.php?id=706091"]
[Date "2009.12.30"]
[Round "-"]
[White "angeloagra"]
[Black "carloscolangelo"]
[Result "0-1"]
[WhiteElo "1632"]
[BlackElo "1474"]

1. d4 d6 2. e4 e5 3. Nf3 exd4 4. Qxd4 Nc6 5. Qa4 a6 6. Nd4 Bd7 7. Nxc6 Bxc6 8.
Qd4 Nf6 9. e5 dxe5 10. Qxe5+ Qe7 11. Qxe7+ Bxe7 12. Bd3 O-O 13. O-O Be4 14. Bf4
Bxd3 15. cxd3 Bd6 16. Bg5 Ng4 17. g3 Be5 18. f4 Bxb2 19. Nc3 Bxa1 20. Rxa1 Rfe8
21. Nd5 Re2 22. Ne7+ Kf8 23. h3 Ne3 24. g4 Rg2+ 25. Kh1 Rd8 26. Re1 Rxd3 27.
Rxe3 Rgd2 28. Re4 Rxa2 29. Nf5 Rd1+ 0-1

[Event "Burocratas do PMI"]
[Site "http://www.queenalice.com/game.php?id=711492"]
[Date "2010.1.10"]
[Round "-"]
[White "carloscolangelo"]
[Black "angeloagra"]
[Result "1-0"]
[WhiteElo "1522"]
[BlackElo "1610"]

1. e4 e5 2. Nf3 Nc6 3. Bc4 h6 4. c3 Nf6 5. d4 d6 6. dxe5 dxe5 7. O-O Nxe4 8. b4
Qxd1 9. Rxd1 Be7 10. b5 Na5 11. Bd5 Bf5 12. Nxe5 Bg6 13. Nxg6 fxg6 14. Bxe4 Nc4
15. Bxg6+ 1-0

[Event "Challenge"]
[Site "http://www.queenalice.com/game.php?id=784387"]
[Date "2010.6.2"]
[Round "-"]
[White "angeloagra"]
[Black "tlalexandri"]
[Result "1-0"]
[WhiteElo "1594"]
[BlackElo "1702"]

1. d4 Nf6 2. Nc3 d5 3. Bg5 h6 4. Bxf6 exf6 5. Nf3 Bb4 6. Qd3 O-O 7. e3 c5 8. a3
c4 9. Qd2 Ba5 10. b4 cxb3 11. cxb3 Nc6 12. Bd3 Qb6 13. b4 Nxb4 14. axb4 Qxb4 15.
Nxd5 Qxd2+ 16. Nxd2 Be6 17. Rxa5 b6 18. Ne7+ Kh8 19. Rb5 Rfe8 20. Nf5 g6 21.
Nxh6 Rac8 22. O-O Kg7 23. Nxf7 Bxf7 24. Ne4 Red8 25. Rbb1 g5 26. Rbc1 Bg6 27.
Rxc8 Rxc8 28. Nd6 Bxd3 29. Nxc8 Bxf1 30. Kxf1 b5 31. Nxa7 b4 32. Nb5 Kf7 33. Ke1
Ke6 34. Kd1 Kd5 35. Kc2 Kc4 36. Nd6+ Kd5 37. Nf5 Kc4 38. Kb2 b3 39. e4 g4 40. f3
gxf3 41. gxf3 Kb4 42. d5 Kc5 43. d6 Kc6 44. h4 1-0

[Event "Ornado vs. Mário Marolo"]
[Site "http://www.queenalice.com/game.php?id=820136"]
[Date "2010.8.18"]
[Round "-"]
[White "angeloagra"]
[Black "carloscolangelo"]
[Result "1-0"]
[WhiteElo "1599"]
[BlackElo "1582"]

1. e4 e5 2. Nf3 Nc6 3. Bb5 a6 4. Bxc6 dxc6 5. Nxe5 Bc5 6. d3 Nf6 7. O-O O-O 8.
Nc3 Bd6 9. Bf4 Bxe5 10. Bxe5 Bg4 11. f3 Bh5 12. Qd2 b5 13. Qg5 h6 14. Qh4 b4 15.
Ne2 Qe7 16. Bxf6 Qxf6 17. Qxh5 Qxb2 18. Rfc1 a5 19. Qc5 Ra6 20. Rcb1 Qf6 21. c3
bxc3 22. Qxc3 Qg5 23. Qc4 Rfa8 24. Nd4 Qe3+ 25. Kf1 Qf4 26. Nxc6 Qxh2 27. Rb8+
Rxb8 28. Nxb8 Ra8 29. Kf2 Rxb8 30. Qxc7 Rb2+ 31. Ke3 Qxg2 32. Qc8+ Kh7 33. Qf5+
Qg6 34. a4 Kg8 35. Qxa5 Qe6 36. Qa8+ Kh7 37. a5 Rb3 38. Qd5 Qe7 39. Qxb3 Qa7+
40. Qb6 Qa8 41. a6 Qe8 42. a7 f5 43. a8=Q 1-0

[Event "Challenge"]
[Site "http://www.queenalice.com/game.php?id=823507"]
[Date "2010.8.26"]
[Round "-"]
[White "carloscolangelo"]
[Black "angeloagra"]
[Result "0-1"]
[WhiteElo "1555"]
[BlackElo "1614"]

1. e4 e5 2. Nf3 Nc6 3. Bc4 Nf6 4. Ng5 d5 5. exd5 Nxd5 6. d3 h6 7. Nf3 Bb4+ 8. c3
Bc5 9. d4 exd4 10. cxd4 Bb4+ 11. Nc3 Nxc3 12. Qd2 Ne4 13. Qxb4 Nxb4 14. Bd3
Nxd3+ 0-1

[Event "Challenge"]
[Site "http://www.queenalice.com/game.php?id=829089"]
[Date "2010.9.7"]
[Round "-"]
[White "angeloagra"]
[Black "nemesiswt"]
[Result "0-1"]
[WhiteElo "1630"]
[BlackElo "1616"]

1. d4 d5 2. c4 dxc4 3. e4 e6 4. Bxc4 Bb4+ 5. Nc3 c5 6. d5 exd5 7. Bxd5 Nd7 8.
Nf3 Ngf6 9. O-O O-O 10. Be3 Bxc3 11. bxc3 Re8 12. Ng5 Nxd5 13. Qxd5 Rf8 14. Bxc5
Nxc5 15. Qxc5 h6 16. Rad1 Qxg5 17. Qxg5 hxg5 0-1

[Event "Challenge"]
[Site "http://www.queenalice.com/game.php?id=829090"]
[Date "2010.9.7"]
[Round "-"]
[White "angeloagra"]
[Black "marcelohr"]
[Result "1-0"]
[WhiteElo "1628"]
[BlackElo "1100"]

1. e4 e5 2. Nf3 Nc6 3. Bb5 Nf6 4. Nc3 a6 5. Bxc6 bxc6 6. Nxe5 Bb7 7. d4 d5 8.
Bg5 dxe4 9. Nxe4 Qd5 10. Nxf6+ gxf6 11. Bxf6 Rg8 12. Ng4 Qxg2 13. Qe2+ Be7 14.
Qxe7# 1-0